000
00288nam a22001457a 4500
003
SGT
082
_a
658.87,PRA
100
_a
PRADHAN,S
245
_a
RETAILING MANAGEMENT
250
_a
3RD
260
_a
NEW DELHI
_b
TMH
_c
2009
300
_a
613
650
_a
RETAILING
942
_2
ddc
_c
BK
999
_c
9652
_d
9652